Pittura di Vittore Crivelli (La) (Record n. 91376)
[ formato base ]
| 000 -LEADER | |
|---|---|
| fixed length control field | 01048nam a2200289Ia 4500 |
| 001 - CONTROL NUMBER | |
| control field | K0027 |
| 003 - CONTROL NUMBER IDENTIFIER | |
| control field | IT-RoPAU |
| 008 - FIXED-LENGTH DATA ELEMENTS--GENERAL INFORMATION | |
| fixed length control field | 130308s9999 xx 000 0 und d |
| 040 ## - CATALOGING SOURCE | |
| Original cataloging agency | IT-RoPAU |
| 040 ## - CATALOGING SOURCE | |
| Transcribing agency | IT-RoPAU |
| 041 ## - LANGUAGE CODE | |
| Language code of text/sound track or separate title | ITALIANO |
| 100 ## - MAIN ENTRY--PERSONAL NAME | |
| Personal name | Di Provvido Sandra |
| 100 ## - MAIN ENTRY--PERSONAL NAME | |
| Miscellaneous information | Codice Aut. SPICS: 60037 |
| 245 ## - TITLE STATEMENT | |
| Title | Pittura di Vittore Crivelli (La) |
| 245 ## - TITLE STATEMENT | |
| Remainder of title | Pittura di Vittore Crivelli (La) |
| 250 ## - EDITION STATEMENT | |
| Edition statement | 1a ed. |
| 260 ## - PUBLICATION, DISTRIBUTION, ETC. (IMPRINT) | |
| Place of publication, distribution, etc. | L'AQUILA |
| 260 ## - PUBLICATION, DISTRIBUTION, ETC. (IMPRINT) | |
| Name of publisher, distributor, etc. | Japadre Editore |
| 260 ## - PUBLICATION, DISTRIBUTION, ETC. (IMPRINT) | |
| Date of publication, distribution, etc. | 1972 [1° Ed.:1972 - Ed.Ling.Originale:1972] |
| 300 ## - PHYSICAL DESCRIPTION | |
| Extent | "372 p. (prefazione: no ; testo: 372 [pagine: 0-0])" |
| 500 ## - GENERAL NOTE | |
| General note | Ambiente Storico, Culturale ed Artistico Marchigiano nel Xv Secolo. Vita Eopera di Vittore Crivelli. Bibliografia Ragionata. Opere. Opere di Incertaattribuzione. Opere Perdute. Rettificazioni Piu' recenti Apportate al Catalogo. Florileio Critico. Documenti. 88 tavole in bianco e Nero. |
| 650 ## - SUBJECT ADDED ENTRY--TOPICAL TERM | |
| Topical term or geographic name as entry element | AUTORI/OPERE DI PITTURA |
| 650 ## - SUBJECT ADDED ENTRY--TOPICAL TERM | |
| Relator term | Codice materia Spics: 5207 |
| 942 ## - ADDED ENTRY ELEMENTS (KOHA) | |
| Koha item type | LIBRO |
| 957 ## - | |
| -- | 1 |
| 999 ## - SYSTEM CONTROL NUMBERS (KOHA) | |
| -- | 1 |
| Withdrawn status | Lost status | Damaged status | Not for loan | Home library | Current library | Date acquired | Total Checkouts | Full call number | Date last seen | Price effective from | Koha item type | Public note |
|---|---|---|---|---|---|---|---|---|---|---|---|---|
| Buone Condizioni | Not For Loan | SPICS-MEDIATECA | SPICS-MEDIATECA | 08/03/2013 | K0027 | 08/03/2013 | 08/03/2013 | LIBRO | Progressivo inserimento: 24456 / N. Volumi: 1 Copie: 1 / data import: 1 marzo 2013 - By Epidotti, Trombetti, Vaglietti. |